Junckerův plán - nepromarněme příležitost

Hlavné motto zámeru Európskej komisie (EK), známej tiež pod označením "Junckerov plán". Finančným pilierom tejto iniciatívy sa stal Európsky fond pre strategické investície (EFSI), vytvorený na základe nariadenia Európskeho parlametnu a Rady (EU) č. 1017/2015. Cieľom je mobilizácia súkromného financ...

Full description

Saved in:
Bibliographic Details
Main Author: Jirásek, Jiří
Format: Book Chapter
Language:Czech
Subjects:
Tags: Add Tag
No Tags, Be the first to tag this record!

MARC

LEADER 00000naa a2200000 4500
001 0213884
005 20221104110457.3
041 0 |a cze 
044 |a CZ 
245 1 0 |a Junckerův plán - nepromarněme příležitost  |c Jiří Jirásek 
520 |a Hlavné motto zámeru Európskej komisie (EK), známej tiež pod označením "Junckerov plán". Finančným pilierom tejto iniciatívy sa stal Európsky fond pre strategické investície (EFSI), vytvorený na základe nariadenia Európskeho parlametnu a Rady (EU) č. 1017/2015. Cieľom je mobilizácia súkromného financovania strategických investícií a uľahčenie prístupu podnikateľom k financovaniu. 
610 2 0 |a Európska únia 
610 2 0 |a Európska komisia 
610 2 0 |a fondy Európskej únie 
610 2 0 |a stratégia investičná 
610 2 0 |a podpora podnikania 
610 2 0 |a financovanie 
610 2 0 |a spolupráca medzinárodná 
100 1 |a Jirásek, Jiří